[Event "Cali Valle Colombia op-B"]
[Site "Cali Valle Colombia"]
[Date "2022.12.29"]
[Round "7"]
[White "Lopez Ramirez, Daniel Giovanny"]
[Black "Arias Rendon, Harold Steve"]
[Result "1-0"]
[WhiteElo "1828"]
[BlackElo "1571"]
[PlyCount "67"]
[EventDate "2022.12.26"]
[EventType "swiss"]
[EventRounds "8"]
[EventCountry "COL"]
[SourceTitle "CBM 211 Extra"]
[Source "ChessBase"]
[SourceDate "2023.01.31"]
[SourceVersion "1"]
[SourceVersionDate "2023.01.31"]
[SourceQuality "1"]

1. e4 e5 2. Nf3 Nc6 3. Bb5 a6 4. Ba4 Nf6 5. d3 b5 6. Bb3 d6 7. c3 Be7 8. 0-0 0-0 9. a4 Rb8 10. axb5 axb5 11. Re1 h6 12. Nbd2 Be6 13. Nf1 Bxb3 14. Qxb3 Re8 15. Ng3 g6 16. Bxh6 Bf8 17. Bg5 Bg7 18. Nh4 Ne7 19. Rf1 Nh7 20. Be3 d5 21. Ba7 Rb7 22. Bc5 Nc8 23. Qxd5 Qxd5 24. exd5 Rd8 25. Ra8 Bf6 26. Nf3 Nf8 27. Ne4 Bg7 28. Be7 Re8 29. Bxf8 Kxf8 30. Nc5 Ra7 31. Rxa7 Nxa7 32. Ra1 Nc8 33. Ra8 Nd6 34. Nd7+ 1-0

[Event "Cali Valle Colombia op-B"]
[Site "Cali Valle Colombia"]
[Date "2022.12.28"]
[Round "4"]
[White "Gil Giraldo, Oscar Leandro"]
[Black "Lopez Ramirez, Daniel Giovanny"]
[Result "0-1"]
[WhiteElo "1285"]
[BlackElo "1828"]
[PlyCount "79"]
[EventDate "2022.12.26"]
[EventType "swiss"]
[EventRounds "8"]
[EventCountry "COL"]
[SourceTitle "CBM 211 Extra"]
[Source "ChessBase"]
[SourceDate "2023.01.31"]
[SourceVersion "1"]
[SourceVersionDate "2023.01.31"]
[SourceQuality "1"]

1. d4 d6 2. c4 e5 3. e3 c6 4. Nc3 f5 5. Nge2 Nf6 6. g3 Be7 7. dxe5 dxe5 8. Qxd8+ Bxd8 9. Bg2 0-0 10. 0-0 Be6 11. b3 Na6 12. Ba3 Re8 13. Rad1 Ba5 14. Bd6 Bc7 15. Bxc7 Nxc7 16. Rd6 Rad8 17. Rfd1 Rd7 18. Na4 Red8 19. Rxd7 Rxd7 20. Rxd7 Nxd7 21. e4 Kf8 22. f4 Na6 23. fxe5 fxe4 24. Bxe4 Nxe5 25. Nf4 Ke7 26. Bxh7 Bf7 27. Be4 Nb4 28. a3 Na6 29. Nd3 Ng4 30. Bf5 Ne3 31. Ne5 Nxf5 32. Nc3 Nd4 33. Nxf7 Kxf7 34. b4 b5 35. cxb5 cxb5 36. Kf2 Ke7 37. Ke3 Nc2+ 38. Kd3 Nxa3 39. Nd5+ Kd6 40. Ne3 0-1

[Event "Cali Valle Colombia op-B"]
[Site "Cali Valle Colombia"]
[Date "2022.12.28"]
[Round "5"]
[White "Lopez Ramirez, Daniel Giovanny"]
[Black "Castro Leiva, Kevin"]
[Result "1/2-1/2"]
[WhiteElo "1828"]
[BlackElo "1232"]
[PlyCount "129"]
[EventDate "2022.12.26"]
[EventType "swiss"]
[EventRounds "8"]
[EventCountry "COL"]
[SourceTitle "CBM 211 Extra"]
[Source "ChessBase"]
[SourceDate "2023.01.31"]
[SourceVersion "1"]
[SourceVersionDate "2023.01.31"]
[SourceQuality "1"]

1. e4 c5 2. Nf3 Nc6 3. d4 cxd4 4. Nxd4 g6 5. c4 Bg7 6. Be3 Nf6 7. Nc3 Ng4 8. Qxg4 Nxd4 9. Qd1 Nc6 10. Be2 0-0 11. 0-0 d6 12. Qd2 f5 13. Bh6 Ne5 14. h4 Be6 15. b3 Qa5 16. Bxg7 Kxg7 17. Rfd1 f4 18. Nb5 Qxd2 19. Rxd2 Bd7 20. Nd4 Bc6 21. Ne6+ Kh6 22. Nxf8 Rxf8 23. Bf3 Nxf3+ 24. gxf3 g5 25. hxg5+ Kxg5 26. Kf1 h5 27. Ke2 h4 28. Rg1+ Kh5 29. Rg7 Rf6 30. Rxe7 Rh6 31. e5 d5 32. cxd5 Bb5+ 33. Kd1 h3 34. Kc2 Bf1 35. Rd1 Bg2 36. d6 Bxf3 37. Re1 Bc6 38. d7 Rh8 39. Rg1 h2 40. d8Q Be4+ 41. Kb2 Rxd8 42. Re1 Rh8 43. Rf7 h1Q 44. Rxh1+ Bxh1 45. Rxf4 Bc6 46. Kc3 Re8 47. Kd4 Kg5 48. Rf6 Rd8+ 49. Ke3 Rd1 50. f4+ Kg4 51. e6 Re1+ 52. Kd4 Re4+ 53. Kc5 Rxf4 54. Rf7 Kf3 55. Kd6 Ke3 56. Kc7 Re4 57. e7 Kd3 58. Kd8 Kc3 59. Rf2 Rd4+ 60. Kc8 Rd2 61. Rxd2 Kxd2 62. e8Q Bxe8 63. Kxb7 a5 64. Kb6 a4 65. bxa4 1/2-1/2

[Event "Cali Valle Colombia op-B"]
[Site "Cali Valle Colombia"]
[Date "2022.12.26"]
[Round "1"]
[White "Lopez Ramirez, Daniel Giovanny"]
[Black "Velasquez Cardona, Gustavo Adolfo"]
[Result "1-0"]
[WhiteElo "1828"]
[BlackElo "1586"]
[PlyCount "75"]
[EventDate "2022.12.26"]
[EventType "swiss"]
[EventRounds "8"]
[EventCountry "COL"]
[SourceTitle "CBM 211 Extra"]
[Source "ChessBase"]
[SourceDate "2023.01.31"]
[SourceVersion "1"]
[SourceVersionDate "2023.01.31"]
[SourceQuality "1"]

1. e4 e6 2. d4 d5 3. Bd3 Nf6 4. e5 Nfd7 5. f4 c5 6. c3 Nc6 7. Nf3 Qb6 8. Bc2 f6 9. 0-0 cxd4 10. cxd4 Be7 11. Kh1 0-0 12. Nc3 Rd8 13. a3 a5 14. Be3 Nf8 15. Na4 Qc7 16. Rc1 Bd7 17. Qe1 Be8 18. Bf2 Rac8 19. Bg3 b5 20. Nc3 Qb6 21. Qe3 fxe5 22. fxe5 Bg6 23. Bb3 a4 24. Ba2 Na5 25. Bh4 Bxh4 26. Nxh4 Nc4 27. Qf2 Qb7 28. Nxg6 Nxg6 29. Qe2 Qd7 30. Bb1 Nf8 31. Rf2 Rb8 32. Rcf1 Re8 33. Rf3 b4 34. axb4 Rxb4 35. Qf2 Qc8 36. Qh4 g6 37. Qh6 Rxb2 38. Rf7 1-0

[Event "COL-chT Blitz"]
[Site "Santander"]
[Date "2022.09.10"]
[Round "5.4"]
[White "Lopez Ramirez, Daniel Giovanny"]
[Black "Campos Gomez, Manuel"]
[Result "0-1"]
[WhiteElo "1810"]
[BlackElo "1976"]
[PlyCount "158"]
[EventDate "2022.09.10"]
[EventType "team-swiss (blitz)"]
[EventRounds "9"]
[EventCountry "COL"]
[SourceTitle "EXT 2023"]
[Source "ChessBase"]
[SourceDate "2022.10.05"]
[SourceVersion "1"]
[SourceVersionDate "2022.10.05"]
[SourceQuality "1"]
[WhiteTeam "Cundinamarca"]
[BlackTeam "Valle"]
[WhiteTeamCountry "COL"]
[BlackTeamCountry "COL"]

1. e4 Nf6 2. Nc3 d5 3. exd5 Nxd5 4. Nf3 g6 5. Bc4 Nxc3 6. dxc3 Qxd1+ 7. Kxd1 Bg4 8. Be2 Nc6 9. Bf4 0-0-0+ 10. Ke1 Bg7 11. Rd1 Bf5 12. Bd3 Bg4 13. Be2 Rxd1+ 14. Kxd1 Rd8+ 15. Kc1 e5 16. Be3 Be6 17. Rd1 e4 18. Rxd8+ Kxd8 19. Nd4 Nxd4 20. Bxd4 Bh6+ 21. Kd1 b6 22. b3 Ke7 23. c4 Bf4 24. g3 Bd6 25. f4 Bh3 26. Be3 Ke6 27. Kd2 Kf5 28. a4 h5 29. a5 Bg2 30. axb6 axb6 31. Ke1 Bf3 32. Bf1 h4 33. Kf2 hxg3+ 34. hxg3 Bd1 35. Bh3+ Kf6 36. Bd4+ Ke7 37. b4 Bxb4 38. c3 Ba3 39. Ke3 Bc2 40. Bg2 Bc1+ 41. Ke2 f6 42. c5 b5 43. Ke1 Ke6 44. Bh3+ f5 45. Be5 c6 46. Bf1 Kd5 47. Be2 Kxc5 48. g4 Be3 49. gxf5 gxf5 50. Bh5 Bb3 51. Bg6 Be6 52. Ke2 Bc1 53. Kd1 Ba3 54. Kc2 Kc4 55. Bh5 Kd5 56. Be2 Bc5 57. Kb3 Be3 58. Kb4 Bd2 59. Ka5 Bd7 60. Kb4 c5+ 61. Kb3 Kc6 62. c4 Be6 63. Kc2 Bb4 64. cxb5+ Kb6 65. Bf6 c4 66. Bd8+ Kxb5 67. Bf6 Bd6 68. Bg5 Kc5 69. Kc3 Bd5 70. Bf1 Be6 71. Be2 Kb5 72. Bf1 Bb4+ 73. Kc2 Kc6 74. Bf6 Kd5 75. Be5 Bd7 76. Be2 Ba4+ 77. Kc1 c3 78. Bh5 Kc4 79. Bf7+ Kd3 0-1

[Event "Medellin Feria de las Flores op"]
[Site "Medellin"]
[Date "2022.08.04"]
[Round "2"]
[White "Lopez Ramirez, Daniel Giovanny"]
[Black "Lopez Rayo, Santiago"]
[Result "0-1"]
[WhiteElo "1894"]
[BlackElo "2224"]
[PlyCount "62"]
[EventDate "2022.08.03"]
[EventType "swiss"]
[EventRounds "9"]
[EventCountry "COL"]
[SourceTitle "CBM 209 Extra"]
[Source "ChessBase"]
[SourceDate "2022.09.30"]
[SourceVersion "1"]
[SourceVersionDate "2022.09.30"]
[SourceQuality "1"]

1. e4 c5 2. Nf3 d6 3. c4 e5 4. Bd3 Nc6 5. Bc2 g6 6. d3 Bg7 7. Ba4 Nge7 8. Nc3 0-0 9. Bxc6 bxc6 10. Rb1 f5 11. h3 a5 12. a3 h6 13. b4 cxb4 14. axb4 d5 15. b5 Be6 16. cxd5 cxd5 17. Ba3 Rf7 18. Nh4 d4 19. Na4 fxe4 20. Nc5 Nd5 21. 0-0 Qxh4 22. Nxe6 Nc3 23. Qb3 Nxb1 24. Qd5 Rc8 25. Rxb1 Qxf2+ 26. Kh1 e3 27. Nd8 Rxd8 28. Qxd8+ Kh7 29. Qxa5 e2 30. Qe1 Qxe1+ 31. Rxe1 Rf1+ 0-1

[Event "Bogota El Tablazo op-A"]
[Site "Bogota"]
[Date "2022.06.24"]
[Round "3"]
[White "Rodriguez Munoz, Cesar Esteban"]
[Black "Lopez Ramirez, Daniel Giovanny"]
[Result "1/2-1/2"]
[WhiteElo "1871"]
[BlackElo "1875"]
[PlyCount "72"]
[EventDate "2022.06.23"]
[EventType "swiss"]
[EventRounds "10"]
[EventCountry "COL"]
[SourceTitle "EXT 2023"]
[Source "ChessBase"]
[SourceDate "2022.10.05"]
[SourceVersion "1"]
[SourceVersionDate "2022.10.05"]
[SourceQuality "1"]

1. c4 e5 2. g3 d6 3. Bg2 f5 4. Nc3 c6 5. b4 d5 6. cxd5 Bxb4 7. dxc6 Nxc6 8. Bxc6+ bxc6 9. Qa4 Qd6 10. Bb2 Nf6 11. Nf3 e4 12. Ne5 Bd7 13. Nxd7 Nxd7 14. a3 Bc5 15. Rc1 0-0 16. Qc4+ Kh8 17. 0-0 Rab8 18. Na4 Bxa3 19. Bxa3 Qxa3 20. Qxc6 Ne5 21. Qc7 Qxa4 22. Qxe5 Qe8 23. Qa5 Rb7 24. Rc5 g6 25. Rfc1 Qd8 26. Qc3+ Qf6 27. Qa5 Qb6 28. Qa1+ Qb2 29. Qa5 Qb6 30. Qa1+ Qb2 31. Qa5 Qb6 32. Qa1+ Qb2 33. Qxb2+ Rxb2 34. Rc7 Rxd2 35. Rxa7 Rxe2 36. Rcc7 Rd8 1/2-1/2

[Event "Medellin Easter op 10th"]
[Site "Medellin"]
[Date "2022.04.16"]
[Round "6"]
[White "Castano, Saray"]
[Black "Lopez Ramirez, Daniel Giovanny"]
[Result "0-1"]
[WhiteElo "1662"]
[BlackElo "1868"]
[PlyCount "66"]
[EventDate "2022.04.13"]
[EventType "swiss"]
[EventRounds "8"]
[EventCountry "COL"]
[SourceTitle "CBM 207 Extra"]
[Source "ChessBase"]
[SourceDate "2022.05.31"]
[SourceVersion "1"]
[SourceVersionDate "2022.05.31"]
[SourceQuality "1"]

1. e4 e5 2. Nf3 Nc6 3. Bb5 a6 4. Ba4 b5 5. Bb3 Bc5 6. d3 Nf6 7. 0-0 d6 8. c3 Bg4 9. h3 Bh5 10. Re1 0-0 11. Nbd2 Bb6 12. Nf1 Na5 13. Bc2 Bg6 14. Bg5 h6 15. Bh4 Bh7 16. Bxf6 Qxf6 17. Ne3 c6 18. a4 Nb7 19. axb5 axb5 20. b4 Rfc8 21. Qb1 Nd8 22. Qb2 Ne6 23. Rxa8 Rxa8 24. Ra1 Rb8 25. Bb1 Nf4 26. Kh2 g5 27. d4 h5 28. Ra6 Nxh3 29. Kxh3 g4+ 30. Nxg4 hxg4+ 31. Kxg4 Qf4+ 32. Kh3 Kg7 33. Qd2 Bf5+ 0-1

[Event "Medellin Easter op 10th"]
[Site "Medellin"]
[Date "2022.04.15"]
[Round "5"]
[White "Lopez Ramirez, Daniel Giovanny"]
[Black "Palencia Morales, Wilson Guillermo"]
[Result "0-1"]
[WhiteElo "1868"]
[BlackElo "2317"]
[PlyCount "70"]
[EventDate "2022.04.13"]
[EventType "swiss"]
[EventRounds "8"]
[EventCountry "COL"]
[SourceTitle "CBM 207 Extra"]
[Source "ChessBase"]
[SourceDate "2022.05.31"]
[SourceVersion "1"]
[SourceVersionDate "2022.05.31"]
[SourceQuality "1"]

1. Nf3 f5 2. d3 Nf6 3. e4 d6 4. Nc3 g6 5. g3 Bg7 6. Bg2 0-0 7. 0-0 Nc6 8. Nd2 e5 9. f4 exf4 10. Rxf4 Ng4 11. Nb3 Be5 12. Rf1 Nxh2 13. Kxh2 Qh4+ 14. Kg1 Qxg3 15. Rf3 Qh2+ 16. Kf1 Be6 17. Be3 fxe4 18. Bg1 Rxf3+ 19. Qxf3 exf3 20. Bxh2 fxg2+ 21. Kxg2 Bxh2 22. Kxh2 Bxb3 23. axb3 Nd4 24. Nd5 Nxc2 25. Ra4 Ne1 26. Nxc7 Rc8 27. Nd5 Rc2+ 28. Kg3 Rxb2 29. Re4 Rxb3 30. Rxe1 Rxd3+ 31. Ne3 a5 32. Kf4 Rd4+ 33. Kg5 Kg7 34. Rh1 a4 35. Ng4 Rb4 0-1

[Event "Medellin Easter op 10th"]
[Site "Medellin"]
[Date "2022.04.14"]
[Round "3"]
[White "Lopez Ramirez, Daniel Giovanny"]
[Black "Negron Lizarazo, Juan Sebastian"]
[Result "1-0"]
[WhiteElo "1868"]
[BlackElo "1593"]
[PlyCount "79"]
[EventDate "2022.04.13"]
[EventType "swiss"]
[EventRounds "8"]
[EventCountry "COL"]
[SourceTitle "CBM 207 Extra"]
[Source "ChessBase"]
[SourceDate "2022.05.31"]
[SourceVersion "1"]
[SourceVersionDate "2022.05.31"]
[SourceQuality "1"]

1. Nf3 c5 2. e4 Nc6 3. d4 cxd4 4. Nxd4 g6 5. c4 Bg7 6. Be3 Nf6 7. Nc3 0-0 8. Be2 d6 9. 0-0 Bd7 10. h3 Nxd4 11. Bxd4 Bc6 12. Qc2 a5 13. Rad1 Nd7 14. Bxg7 Kxg7 15. Bg4 Nc5 16. e5 Qc7 17. exd6 exd6 18. Rd4 Ne6 19. Bxe6 fxe6 20. Qd2 Rad8 21. Rd1 Qb6 22. Qe2 Be8 23. Qxe6 Qxb2 24. Qe7+ Bf7 25. Nd5 h6 26. R4d2 Qe5 27. Re1 Qxe7 28. Rxe7 Rb8 29. Rb2 Rfc8 30. Ne3 b6 31. Rd7 Rc6 32. Rd2 b5 33. Rb2 b4 34. Ra7 Rc5 35. Rd2 Rb6 36. Rd4 Rbc6 37. Rd7 h5 38. Rf4 Kg8 39. Rfxf7 a4 40. Nd5 1-0

[Event "Medellin Easter op 10th"]
[Site "Medellin"]
[Date "2022.04.13"]
[Round "1"]
[White "Lopez Ramirez, Daniel Giovanny"]
[Black "Cifuentes Pena, Santiago"]
[Result "1-0"]
[WhiteElo "1868"]
[BlackElo "1435"]
[PlyCount "43"]
[EventDate "2022.04.13"]
[EventType "swiss"]
[EventRounds "8"]
[EventCountry "COL"]
[SourceTitle "CBM 207 Extra"]
[Source "ChessBase"]
[SourceDate "2022.05.31"]
[SourceVersion "1"]
[SourceVersionDate "2022.05.31"]
[SourceQuality "1"]

1. e4 e5 2. Nf3 Nc6 3. Bb5 a6 4. Ba4 Nf6 5. d3 Bc5 6. 0-0 d6 7. c3 0-0 8. h3 Re8 9. Bg5 h6 10. Bh4 Qe7 11. d4 exd4 12. cxd4 Bb6 13. e5 dxe5 14. Bxc6 bxc6 15. dxe5 g5 16. exf6 Qxf6 17. Bg3 Qg6 18. Nc3 g4 19. Ne5 Rxe5 20. Bxe5 gxh3 21. Qd8+ Kh7 22. Qh8# 1-0

[Event "COL-ch U2000"]
[Site "Pereira"]
[Date "2022.02.19"]
[Round "6"]
[White "Giraldo, Emanuel"]
[Black "Lopez Ramirez, Daniel Giovanny"]
[Result "0-1"]
[WhiteElo "1663"]
[BlackElo "1876"]
[PlyCount "26"]
[EventDate "2022.02.16"]
[EventType "swiss"]
[EventRounds "9"]
[EventCountry "COL"]
[SourceTitle "CBM 207 Extra"]
[Source "ChessBase"]
[SourceDate "2022.05.31"]
[SourceVersion "1"]
[SourceVersionDate "2022.05.31"]
[SourceQuality "1"]

1. e4 c5 2. Nf3 a6 3. g3 Nc6 4. Bg2 e5 5. c3 Nf6 6. 0-0 Be7 7. Re1 d6 8. d3 0-0 9. Nbd2 Ne8 10. Nf1 f5 11. exf5 Bxf5 12. Qb3+ Kh8 13. Qxb7 Na5 0-1

[Event "COL Subzt 2.3.4"]
[Site "Risarald"]
[Date "2021.11.27"]
[Round "8"]
[White "Hernandez Pinzon, Helvert"]
[Black "Lopez Ramirez, Daniel Giovanny"]
[Result "0-1"]
[WhiteElo "1961"]
[BlackElo "1790"]
[PlyCount "92"]
[EventDate "2021.11.23"]
[EventType "swiss"]
[EventRounds "9"]
[EventCountry "COL"]
[SourceTitle "CBM 205 Extra"]
[Source "ChessBase"]
[SourceDate "2022.01.31"]
[SourceVersion "1"]
[SourceVersionDate "2022.01.31"]
[SourceQuality "1"]

1. e4 Nf6 2. e5 Nd5 3. d4 d6 4. c4 Nb6 5. exd6 cxd6 6. Nf3 g6 7. Nc3 Bg7 8. Be3 0-0 9. Rc1 Bg4 10. h3 Bxf3 11. Qxf3 Nc6 12. Qd1 d5 13. c5 Nc8 14. Bb5 e6 15. Qd2 N8e7 16. 0-0 Nf5 17. Ne2 Qa5 18. Bxc6 Qxd2 19. Bxd2 bxc6 20. Bc3 h5 21. g4 hxg4 22. hxg4 Nh4 23. Kh2 Nf3+ 24. Kg3 Ng5 25. f3 Rfe8 26. Bd2 Nh7 27. Bf4 e5 28. Bxe5 f6 29. f4 fxe5 30. fxe5 Ng5 31. Nc3 Rf8 32. b4 Ne6 33. Ne2 Nxd4 34. Nxd4 Bxe5+ 35. Kg2 Bxd4 36. Rfd1 Be3 37. Rb1 Rf2+ 38. Kg3 Raf8 39. g5 R2f3+ 40. Kg2 R3f5 41. Rb3 Rxg5+ 42. Kh2 d4 43. b5 Kg7 44. Rxe3 dxe3 45. Rd7+ Rf7 46. bxc6 Rxc5 0-1

[Event "COL Subzt 2.3.4"]
[Site "Risarald"]
[Date "2021.11.24"]
[Round "2"]
[White "De la Hoz, Rafael"]
[Black "Lopez Ramirez, Daniel Giovanny"]
[Result "0-1"]
[WhiteElo "1541"]
[BlackElo "1790"]
[PlyCount "36"]
[EventDate "2021.11.23"]
[EventType "swiss"]
[EventRounds "9"]
[EventCountry "COL"]
[SourceTitle "CBM 205 Extra"]
[Source "ChessBase"]
[SourceDate "2022.01.31"]
[SourceVersion "1"]
[SourceVersionDate "2022.01.31"]
[SourceQuality "1"]

1. e4 e5 2. Nf3 Nc6 3. Bc4 Bc5 4. Nc3 Nf6 5. 0-0 0-0 6. a3 a6 7. d3 h6 8. Be3 d6 9. Qd2 Bg4 10. b4 Bd4 11. Rae1 Bxc3 12. Qxc3 Bxf3 13. gxf3 Qd7 14. Kg2 Nh5 15. Qd2 Nd4 16. Bxd4 Nf4+ 17. Kh1 Qh3 18. Qxf4 exf4 0-1

[Event "COL Subzt 2.3.4"]
[Site "Risarald"]
[Date "2021.11.23"]
[Round "1"]
[White "Lopez Ramirez, Daniel Giovanny"]
[Black "Zapata, Alonso"]
[Result "0-1"]
[WhiteElo "1790"]
[BlackElo "2384"]
[PlyCount "75"]
[EventDate "2021.11.23"]
[EventType "swiss"]
[EventRounds "9"]
[EventCountry "COL"]
[SourceTitle "CBM 205 Extra"]
[Source "ChessBase"]
[SourceDate "2022.01.31"]
[SourceVersion "1"]
[SourceVersionDate "2022.01.31"]
[SourceQuality "1"]

1. e4 c5 2. Nf3 e6 3. d3 Nc6 4. g3 d5 5. Qe2 Nge7 6. Bg2 g6 7. 0-0 Bg7 8. Rd1 b6 9. Nbd2 a5 10. Nf1 a4 11. e5 Qc7 12. Re1 Ba6 13. h4 c4 14. Bd2 Nf5 15. Bc3 cxd3 16. cxd3 h5 17. Qc2 0-0 18. Ne3 Nxe3 19. Rxe3 Rfc8 20. d4 Bh6 21. Ree1 a3 22. Bd2 Bf8 23. b3 Nxe5 24. Qxc7 Nxf3+ 25. Bxf3 Rxc7 26. Rac1 Rac8 27. Rxc7 Rxc7 28. Rc1 Rxc1+ 29. Bxc1 Bb4 30. Bd1 Bd3 31. f3 f6 32. f4 Bc3 33. Be3 Kf7 34. Kf2 Ke7 35. Be2 Bc2 36. Kf3 Bxb3 37. Bc1 Bb2 38. Kf2 0-1

[Event "Bogota El Tablazo Blitz op"]
[Site "Bogota"]
[Date "2021.11.07"]
[Round "3"]
[White "Lopez Ramirez, Daniel Giovanny"]
[Black "Rodriguez Mayorga, Julian E"]
[Result "0-1"]
[WhiteElo "1829"]
[BlackElo "2050"]
[PlyCount "70"]
[EventDate "2021.11.07"]
[EventType "swiss"]
[EventRounds "14"]
[EventCountry "COL"]
[SourceTitle "CBM 205 Extra"]
[Source "ChessBase"]
[SourceDate "2022.01.31"]
[SourceVersion "1"]
[SourceVersionDate "2022.01.31"]
[SourceQuality "1"]

1. e4 e6 2. d4 d5 3. Bd3 dxe4 4. Bxe4 Nf6 5. Bf3 Nbd7 6. Ne2 e5 7. Ng3 exd4 8. Qxd4 Bc5 9. Qd1 0-0 10. 0-0 c6 11. c3 Ne5 12. Bf4 Nxf3+ 13. Qxf3 Bg4 14. Qe3 Bxe3 15. Bxe3 Re8 16. Bg5 h6 17. Bf4 Nd5 18. Bd2 Be2 19. Re1 Bd3 20. Na3 Qb6 21. b3 Rad8 22. c4 Nf6 23. Bc3 c5 24. Nb5 a6 25. Na3 Bg6 26. Ne2 Ne4 27. Bb2 Qa5 28. Rad1 Rxd1 29. Rxd1 Rd8 30. Rb1 Qd2 31. Kf1 Ng3+ 32. fxg3 Bxb1 33. Nxb1 Qxb2 34. Nbc3 Rd2 35. Na4 Rxe2 0-1

[Event "Soacha op-B"]
[Site "Soacha"]
[Date "2021.09.11"]
[Round "6"]
[White "Intencipa Acosta, Fabian Armando"]
[Black "Lopez Ramirez, Daniel Giovanny"]
[Result "0-1"]
[WhiteElo "1568"]
[BlackElo "1797"]
[PlyCount "70"]
[EventDate "2021.09.08"]
[EventType "swiss"]
[EventRounds "9"]
[EventCountry "COL"]
[SourceTitle "CBM 204 Extra"]
[Source "ChessBase"]
[SourceDate "2021.11.30"]
[SourceVersion "1"]
[SourceVersionDate "2021.11.30"]
[SourceQuality "1"]

1. e4 c6 2. d4 d5 3. e5 Bf5 4. g4 Be4 5. f3 Bg6 6. h4 h5 7. e6 Qd6 8. exf7+ Bxf7 9. Ne2 hxg4 10. fxg4 Nd7 11. Bf4 e5 12. dxe5 Nxe5 13. Nd2 Qe6 14. g5 Bb4 15. Bh3 Rxh4 16. Bxe6 Rxh1+ 17. Kf2 Rxd1 18. Bxf7+ Nxf7 19. Rxd1 Ne7 20. Nd4 Kd7 21. N2f3 Bc5 22. Kg2 Ng6 23. Bg3 Re8 24. Kf1 Rh8 25. Kg2 Be7 26. Nf5 Bxg5 27. Nxg5 Nxg5 28. Nxg7 Ne7 29. Be5 Rg8 30. Bf6 Ne6 31. Re1 Nf5 32. Rxe6 Rxg7+ 33. Bxg7 Kxe6 34. Bf8 Ne3+ 35. Kf3 Nxc2 0-1

[Event "Soacha op-B"]
[Site "Soacha"]
[Date "2021.09.10"]
[Round "5"]
[White "Lopez Ramirez, Daniel Giovanny"]
[Black "Delgado Abril, Clemente"]
[Result "1-0"]
[WhiteElo "1797"]
[BlackElo "1607"]
[PlyCount "35"]
[EventDate "2021.09.08"]
[EventType "swiss"]
[EventRounds "9"]
[EventCountry "COL"]
[SourceTitle "CBM 204 Extra"]
[Source "ChessBase"]
[SourceDate "2021.11.30"]
[SourceVersion "1"]
[SourceVersionDate "2021.11.30"]
[SourceQuality "1"]

1. e4 Nf6 2. e5 Nd5 3. c4 Nf4 4. d4 Ne6 5. f4 g6 6. Be3 c6 7. Nc3 Ng7 8. Nf3 e6 9. c5 Be7 10. Ne4 0-0 11. Nd6 Nf5 12. Bd2 Kg7 13. Bd3 Bxd6 14. cxd6 Qb6 15. Bc3 c5 16. Bxf5 exf5 17. e6 fxe6 18. dxc5+ 1-0

[Event "Soacha op-B"]
[Site "Soacha"]
[Date "2021.09.09"]
[Round "2"]
[White "Malagon Guzman, Juan Daniel"]
[Black "Lopez Ramirez, Daniel Giovanny"]
[Result "1-0"]
[WhiteElo "1516"]
[BlackElo "1797"]
[PlyCount "75"]
[EventDate "2021.09.08"]
[EventType "swiss"]
[EventRounds "9"]
[EventCountry "COL"]
[SourceTitle "CBM 204 Extra"]
[Source "ChessBase"]
[SourceDate "2021.11.30"]
[SourceVersion "1"]
[SourceVersionDate "2021.11.30"]
[SourceQuality "1"]

1. e4 e5 2. Nf3 Nc6 3. Bb5 a6 4. Ba4 Nf6 5. 0-0 b5 6. Bb3 Bc5 7. c3 d6 8. d4 Bb6 9. h3 h6 10. dxe5 Nxe5 11. Bf4 Ng6 12. Bg3 Bb7 13. Nbd2 0-0 14. Qc2 Nh5 15. Kh2 Qf6 16. Rae1 Rae8 17. Kh1 Ngf4 18. e5 dxe5 19. Ne4 Qf5 20. Nh4 Bxe4 21. Qxe4 Qg5 22. Kh2 Kh8 23. Bc2 g6 24. Nf3 Qe7 25. Bxf4 Nxf4 26. Nxe5 Qf6 27. g3 Ne6 28. Nd7 Qg7 29. Nxf8 Qxf8 30. Qe5+ Kh7 31. Bb3 c5 32. Qf6 c4 33. Bc2 Ng5 34. Rxe8 Qxe8 35. Qxb6 Qe2 36. Rc1 Qh5 37. h4 Nf3+ 38. Kg2 1-0

[Event "Sopo Region-ch"]
[Site "Sopo"]
[Date "2021.07.24"]
[Round "2"]
[White "Vargas, Daniel Fernando"]
[Black "Lopez Ramirez, Daniel Giovanny"]
[Result "1-0"]
[WhiteElo "1527"]
[BlackElo "1820"]
[PlyCount "75"]
[EventDate "2021.07.24"]
[EventType "swiss"]
[EventRounds "5"]
[EventCountry "COL"]
[SourceTitle "EXT 2022"]
[Source "ChessBase"]
[SourceDate "2021.10.06"]
[SourceVersion "1"]
[SourceVersionDate "2021.10.06"]
[SourceQuality "1"]

1. c4 e6 2. g3 d5 3. Bg2 Nf6 4. Nf3 Bd6 5. Nc3 c6 6. d3 Nbd7 7. 0-0 0-0 8. a3 a5 9. Re1 Bc7 10. Qc2 Re8 11. e4 dxe4 12. Nxe4 Nxe4 13. dxe4 e5 14. c5 Qe7 15. Be3 a4 16. Nd2 Nf8 17. Red1 Be6 18. Nc4 Bxc4 19. Qxc4 Qe6 20. Qb4 Reb8 21. Rd3 Ra5 22. Rad1 Rb5 23. Qxa4 Rxb2 24. h4 Qc8 25. Bf1 Ra8 26. Qc4 Qe6 27. Rc3 Qxc4 28. Bxc4 b5 29. cxb6 Bxb6 30. Bxb6 Rxb6 31. Rd6 g6 32. Kg2 Kg7 33. Bd5 Rba6 34. Rdxc6 Ne6 35. Bxe6 fxe6 36. Rc7+ Kg8 37. Re7 R8a7 38. Rc8# 1-0

[Event "COL-ch Cat B/C U2200"]
[Site "Medellin"]
[Date "2021.06.11"]
[Round "2"]
[White "Lopez Gonzalez, Carlos Andres"]
[Black "Lopez Ramirez, Daniel Giovanny"]
[Result "1-0"]
[WhiteElo "1900"]
[BlackElo "1812"]
[PlyCount "65"]
[EventDate "2021.06.10"]
[EventType "swiss"]
[EventRounds "7"]
[EventCountry "COL"]
[SourceTitle "EXT 2022"]
[Source "ChessBase"]
[SourceDate "2021.10.06"]
[SourceVersion "1"]
[SourceVersionDate "2021.10.06"]
[SourceQuality "1"]

1. e4 e5 2. Nf3 Nc6 3. Bb5 a6 4. Ba4 b5 5. Bb3 Nf6 6. 0-0 Bc5 7. Nxe5 Nxe5 8. d4 Bxd4 9. Qxd4 d6 10. f4 c5 11. Qd1 Ned7 12. c4 0-0 13. Bc2 Bb7 14. Nc3 Nb6 15. Rf3 Nxc4 16. Rh3 Bc8 17. Rh4 h5 18. Nd5 Bg4 19. Nxf6+ Qxf6 20. Qe1 g6 21. h3 Bd7 22. Rb1 b4 23. Qg3 Qd4+ 24. Kh2 Nd2 25. Bxd2 Qxd2 26. Bb3 Kh7 27. Rd1 Qxb2 28. Rd5 f5 29. Rxd6 Be8 30. e5 Rh8 31. Qg5 Ra7 32. Rxh5+ Kg7 33. Qf6# 1-0

[Event "COL-ch Cat B/C U2200"]
[Site "Medellin"]
[Date "2021.06.11"]
[Round "3"]
[White "Peraza, Leonardo"]
[Black "Lopez Ramirez, Daniel Giovanny"]
[Result "0-1"]
[WhiteElo "1822"]
[BlackElo "1812"]
[PlyCount "46"]
[EventDate "2021.06.10"]
[EventType "swiss"]
[EventRounds "7"]
[EventCountry "COL"]
[SourceTitle "EXT 2022"]
[Source "ChessBase"]
[SourceDate "2021.10.06"]
[SourceVersion "1"]
[SourceVersionDate "2021.10.06"]
[SourceQuality "1"]

1. d4 d5 2. Nf3 Nf6 3. c4 c6 4. g3 Bf5 5. Bg2 h6 6. 0-0 e6 7. Nc3 Be7 8. Qb3 Qb6 9. Qa4 0-0 10. cxd5 exd5 11. Nh4 Bh7 12. a3 Nbd7 13. Re1 Qd8 14. Qb3 Nb6 15. e3 Nc4 16. Qxb7 Rb8 17. Qxc6 Bc2 18. Qa6 Rb6 19. Qxa7 Rb8 20. Nf3 Re8 21. Nxd5 Nxd5 22. b4 Ra8 23. Qb7 Bxb4 0-1